Movimientos estudiantiles /

Un repaso por la historia de lucha de los estudiantes en la ciudad de Córdoba contra el decreto 16912 de Onganía, que en 1966 puso fin a más de cuarenta años de autonomía universitaria, de cogobierno estudiantil y de libertad de cátedra.

Guardado en:
Autor Principal: Sein, Santiago
Autor Corporativo: Canal Encuentro.
Formato: Deslizar
Publicado: Argentina, 2010
Series:Crónicas de Archivo
Materias:
Etiquetas: Agregar Etiqueta
Sin Etiquetas, Sea el primero en etiquetar este registro!
LEADER 01259ngm a22003375g 4500
001 CEM.cems023166
008 130507s2010##################0###0#####d
005 20241218150617.0
245 1 0 |a Movimientos estudiantiles /  |c Santiago Sein. 
260 |a Argentina,  |c 2010 
300 |a 29'. 
490 0 |a Crónicas de Archivo 
500 |a Consultar en ventanilla. 
520 |a Un repaso por la historia de lucha de los estudiantes en la ciudad de Córdoba contra el decreto 16912 de Onganía, que en 1966 puso fin a más de cuarenta años de autonomía universitaria, de cogobierno estudiantil y de libertad de cátedra. 
538 |a Soporte: DVD - Color: Si - Grabación DRD 
590 |a Identificación anterior registrada en SIABUC: DVD Nº 59B 
100 1 |a Sein, Santiago 
710 2 |a Canal Encuentro. 
082 9 8 |/ SEI-2 
653 |a HISTORIA 
653 |a HISTORIA ARGENTINA 
653 |a UNIVERSIDADES 
653 |a BASTONES LARGOS 
653 |a REFORMA UNIVERSITARIA 
653 |a ONGANÍA 
653 |a AUTONOMÍA UNIVERSITARIA 
653 |a EDUCACIÓN LAICA 
653 |a NIVEL PRIMARIO 
653 |a NIVEL SECUNDARIO 
653 |a SERIE DE TELEVISIÓN 
859 |a CEMS  |b BIB. CEMS - Depto. Recursos Didacticos  |h 982  |i SEI-2  |k DRD  |p 1809.13  |t Ej.1